000 01230cam a22003257a 4500
003 CHAP
005 20220817044259.0
008 090707s2008 it rn 00010 spa d
010 _a96485
011 _a97457
020 _a9789253059959
035 _a108125
040 _cCHAP
082 0 0 _a639.2
_bF41y v.4 supl.2 add.1
110 2 _aFAO
245 1 3 _aLa ordenación pesquera :
_b2. el enfoque de ecosistemas en la pesca. 2.1 mejores prácticas en la modelación de ecosistemas para contribuir a un enfoque ecosistémico en la pesca
_c/por FAO
260 _aRoma :
_bFAO,
_c2009
300 _axi, 88 p.
490 0 _aFAO. Orientaciones técnicas para la pesca responsable
_v; 4 Supl.2 Add.1
590 _aBATCH-UPD
_b10
_c20130110
_lUCH01
_h1712
590 _aBATCH-UPD
_b10
_c20130410
_lUCH01
_h1058
590 _aBATCH-UPD
_b10
_c20130914
_lUCH01
_h1258
590 _aCONVERSION
_b10
_c20130109
_lUCH01
_h1353
650 1 4 _aEcosistema.
_935290
650 1 4 _aPesca
_xAdministración.
_987353
830 0 _aFAO. Orientaciones técnicas para la pesca responsable
_v; 4 Supl.2 Add.1
_939642
901 _aBK
942 _cLIBRO
949 _a639.2 F41y v.4 supl.2 add.1
_bBC
_cFAO
_d33724002096983
_eFAO1
_gDonaciØn
_h110764
_i108125
_sb
999 _c96485
_d96485